Illustrated English social history / (Record no. 23948)
[ view plain ]
| 000 -LEADER | |
|---|---|
| fixed length control field | 00873cam a22002531 4500 |
| 001 - CONTROL NUMBER | |
| control field | 23948 |
| 003 - CONTROL NUMBER IDENTIFIER | |
| rucl marc code | BD-RjUL |
| 005 - DATE AND TIME OF LATEST TRANSACTION | |
| control field | 20211209001005.0 |
| 008 - FIXED-LENGTH DATA ELEMENTS--GENERAL INFORMATION | |
| fixed length control field | 140312r19521949enkab 001 0 eng |
| 035 ## - SYSTEM CONTROL NUMBER | |
| System control number | (BD-RjUL)24013 |
| 040 ## - CATALOGING SOURCE | |
| Original cataloging agency | DLC |
| Transcribing agency | DLC |
| Modifying agency | DLC |
| -- | BD-RjUL |
| Language of cataloging | eng |
| 041 ## - LANGUAGE CODE | |
| Language code of text/sound track or separate title | eng |
| 082 00 - DEWEY DECIMAL CLASSIFICATION NUMBER | |
| Classification number | 942 |
| Author mark and year | TRI 1952 |
| 100 1# - MAIN ENTRY--PERSONAL NAME | |
| Personal name | Trevelyan, G. M., |
| Dates associated with a name | 1876-1962. |
| 9 (RLIN) | 73734 |
| 245 10 - TITLE STATEMENT | |
| Title | Illustrated English social history / |
| Statement of responsibility, etc. | By G. M.Trevelyan; Illus. selected by Ruth C. Wright. |
| Number of part/section of a work | VOLUME ONE : |
| Name of part/section of a work | Chaucer's England and the early Tudors. |
| 260 ## - PUBLICATION, DISTRIBUTION, ETC. (IMPRINT) | |
| Place of publication, distribution, etc. | London ; |
| -- | New York : |
| Name of publisher, distributor, etc. | Longmans, Green, |
| Date of publication, distribution, etc. | 1949 [Impression 1952]. |
| 300 ## - PHYSICAL DESCRIPTION | |
| Pagination | xvi, 175 p. : |
| Illustrations | illus. (part col.) map. ; |
| Size | 23 cm. |
| 504 ## - BIBLIOGRAPHY, ETC. NOTE | |
| Bibliography, etc | Includes index. |
| 651 #0 - SUBJECT ADDED ENTRY--GEOGRAPHIC NAME | |
| Geographic name | Great Britain |
| General subdivision | History. |
| 9 (RLIN) | 73735 |
| Geographic name | England |
| General subdivision | Social conditions. |
| 9 (RLIN) | 73736 |
| 942 ## - ADDED ENTRY ELEMENTS (KOHA) | |
| Source of classification or shelving scheme | Dewey Decimal Classification |
| Koha item type | Books |
| Lost status | Source of classification or shelving scheme | Damaged status | Not for loan | Collection code | Permanent Location | Current Location | Shelving location | Date acquired | Source of acquisition | Cost, normal purchase price | Total Checkouts | Full call number | Date last seen | Copy number | Koha item type |
|---|---|---|---|---|---|---|---|---|---|---|---|---|---|---|---|
| Dewey Decimal Classification | Added to bundle | Non-fiction | Central Library, University of Rajshahi | Central Library, University of Rajshahi | Reading Room | 24/01/1955 | M. B. P. Dacca | 15.00 | 942 TRI V-1 1952 | 12/03/2014 | C-1 | Books |